000 00536nam a2200145Ia 4500
001 3598
008 241024s9999 xx 000 0 und d
082 _aRD/371.07/R426e/2013
100 _aRepública Dominicana. Ministerio de Educación. Dirección de Acreditación de Centro Educativo
245 0 _aEncuentro con los representantes de las asociaciones y federaciones de instituciones educativas privadas de la República Dominicana
260 _bSanto Domingo
_c2013
590 _asi
901 _a9/1/2014 2:16:27 p.m.
999 _c8909
_d8909